000 00755nam a2200253Ia 4500
003 OSt
005 20221005092913.0
006 a|||||r|||| 00| 0
007 ta
008 221004b |||||||| |||| 00| 0 eng d
020 _a9781438429212 (hbk)
_c4051.58
024 _a102942
037 _b30360, 07/10/2010, Segment Book Distributors
_cTextual
040 _aCRL
_cCRL
_beng
041 _2eng
_aeng
082 _aQ4.495, Q0
100 _aPark Jin Y. Ed.
245 0 _aMakers of modern Korean Buddhism
260 _aNew York
_bSuny Press USA
_c2010
300 _a382p.
_ccm.
650 _aBUDDHISM
942 _hQ4.495, Q0
_cTEXL
_2cc
999 _c999551
_d999551